The occupation of Iraq : (Record no. 60650)
[ view plain ]
| 000 -الفاتح | |
|---|---|
| حقل البيانات ثابتة الطول | 01635cam a2200241 a 4500 |
| 005 - وقت وتاريخ اخر تعامل مع التسجيلة | |
| رقم الضبط | 20240530110421.0 |
| 008 - عناصر البيانات ثابتة الطول - معلومات عامة | |
| حقل البيانات ثابتة الطول | 061127s2007 ctuab b 001 0 eng |
| 020 ## - الرقم الدولى المعيارى للكتب | |
| الرقم الدولى المعيارى للكتاب | 9780300110159 |
| 040 ## - مصدر الفهرسة | |
| وكالة الفهرسة الأصلية | EG-CaGPL |
| وكالة النسخ | EG-CaGPL |
| 043 ## - رمز المنطقة الجغرافية | |
| رمز المنطقة الجغرافية | a-iq--- |
| -- | n-us--- |
| 082 00 - رقم تصنيف ديوى العشرى | |
| رقم الطبعة | 21 |
| رقم التصنيف | 956.7044\ |
| رقم المادة | A O |
| 100 0# - المدخل الرئيسى - إسم شخصى | |
| الإسم الشخصى | Ali A. Allawi |
| التواريخ المصاحبة للاسم | 1947- |
| 245 14 - بيان العنوان | |
| العنوان | The occupation of Iraq : |
| بقية العنوان | winning the war, losing the peace / |
| بيان المسئوليه,etc | Ali A. Allawi. |
| 260 ## - PUBLICATION, DISTRIBUTION, ETC. (IMPRINT) | |
| تاريخ النشر أو التوزيع | c2007. |
| 300 ## - الوصف المادى | |
| التعداد | xxiv, 518 p. : |
| تفاصيل ماديه اخرى للوعاء | ill., maps ; |
| أبعاد الوعاء | 25 cm. |
| 504 ## - تبصرة ببليوجرافية | |
| تبصرة ببليوجرافية,الخ | Includes bibliographical references and index. |
| 650 #0 - المدخل الاضافى بالموضوع-مصطلح موضوعى | |
| مصطلح موضوعي | Iraq War, 2003-2011. |
| 651 #0 - المدخل الاضافى بالموضوع - اسم جغرافى | |
| الاسم الجغرافي | Iraq |
| التقسيم الفرعي العام | Politics and government |
| التقسيم الفرعي الزمني | 2003- |
| 942 ## - عناصر المدخل الإضافي( كوها) | |
| مصدر التصنيف او مخطط الترفيف | Dewey Decimal Classification |
| Koha [default] item type | كتاب |
| 260 ## - PUBLICATION, DISTRIBUTION, ETC. (IMPRINT) | |
| -- | New Haven [Conn.] : |
| -- | Yale University Press, |
| 505 0# - تبصرة محتويات-الفهرس | |
| تبصرة المحتويات المصاغة | The great divides -- The rise of the opposition -- The build-up to war -- The invasion -- Occupation authorities -- A collapsed state : a ruined economy : a damaged society -- Deepening rifts in a brittle society -- Dismantling the Ba'athist state -- The formation of the governing council and the rise of the insurgency -- The shadow of real power -- The enigma of Ayatollah Sistani -- A constitution in waiting -- The fires of sectarian hatreds -- A Marshall Plan for Iraq? -- April 2004 : the turning point -- The interim Iraqi government -- Arabs and Persians -- Showdown at the shrine -- To hold or abort an election -- Corruption and the Potemkin state -- Iraqi society on the eve of free elections -- The vote -- Negotiating a constitution -- Crises and the Jaafari government -- Into uncharted waters. |
| 856 41 - الوصول و الموقع الالكترونى | |
| مواد محددة | Table of contents only |
| معرف المصدر الموحد | http://www.loc.gov/catdir/toc/ecip075/2006039445.html |
| حالة التراجع | حالة الفقد | مصدر التصنيف او خطة الترفيف | حالة تلف | ليس للاعارة | المكان المؤقت | الموقع الحالى | تاريخ الاكتساب | اجمالي اﻻعارات | رقم الطلب | الباركود | تاريخ اخر مشاهدة | تاريخ تفعيل السعر | نوع وعاء كوها |
|---|---|---|---|---|---|---|---|---|---|---|---|---|---|
| ddc | مكتبة القاهرة الكبرى | مكتبة القاهرة الكبرى | 03/11/2015 | 956.7044\ A O | 159750 | 03/11/2015 | 03/11/2015 | كتاب |

